Länder mit Hexenverfolgung - Statistiken

Allgemein
  • Dieses Quiz wurde 81 mal gespielt
  • Das Durchschnittsergebnis liegt bei 46 aus 60
Antworten auf der Karte
Die Antworten werden auf der Karte rot bzw. grün angezeigt, abhängig davon wie oft sie richtig erraten wurden.
 
Antwortstatistiken
Gruppe Kontinent Land % Korrekt
Ehemals Europa Deutschland
100%
Ehemals Nordamerika Vereinigte Staaten
99%
Ehemals Europa Frankreich
96%
Ehemals Europa Portugal
96%
Ehemals Europa Schweiz
96%
Ehemals Europa Spanien
96%
Ehemals Europa Italien
94%
Ehemals Europa Österreich
94%
Ehemals Europa Polen
94%
Ehemals Europa Russland
94%
Ehemals Südamerika Brasilien
93%
Ehemals Europa Niederlande
93%
Ehemals Europa Vereinigtes Königreich
93%
Ehemals Europa Belgien
91%
Ehemals Europa Finnland
91%
Ehemals Europa Norwegen
91%
Ehemals Europa Schweden
91%
Ehemals Europa Tschechien
91%
Ehemals Europa Estland
90%
Ehemals Europa Lettland
90%
Ehemals Europa Irland
89%
Ehemals Europa Kroatien
89%
Ehemals Europa Dänemark
87%
Ehemals Europa Island
86%
Ehemals Europa Rumänien
86%
Heute Afrika Demokratische Republik Kongo
84%
Heute Asien Indien
84%
Ehemals Europa Slowakei
84%
Heute Afrika Südafrika
84%
Ehemals Europa Slowenien
83%
Ehemals Europa Ungarn
83%
Ehemals Europa Luxemburg
81%
Heute Afrika Nigeria
81%
Ehemals Europa Liechtenstein
79%
Heute Afrika Kenia
76%
Heute Afrika Angola
73%
Ehemals Asien Indonesien
71%
Heute Asien Irak
70%
Ehemals Europa Andorra
69%
Heute Afrika Namibia
69%
Heute Afrika Tansania
66%
Heute Afrika Kamerun
64%
Heute Asien Saudi-Arabien
64%
Heute Afrika Ghana
63%
Ehemals Europa Monaco
63%
Ehemals Asien Israel
61%
Heute Asien Nepal
60%
Heute Afrika Ruanda
60%
Heute Afrika Sambia
60%
Heute Afrika Uganda
60%
Heute Afrika Zentralafrikanische Republik
59%
Heute Afrika Gambia
57%
Heute Afrika Äthiopien
56%
Heute Afrika Senegal
56%
Heute Afrika Benin
54%
Heute Ozeanien Papua-Neuguinea
54%
Heute Asien Syrien
54%
Heute Afrika Malawi
51%
Heute Afrika Libyen
47%
Heute Afrika Sierra Leone
40%
Keine übereinstimmenden Quizze gefunden
Verteilung der Resultate
Anzahl Personen mit jedem Resultat
Perzentil nach korrekt beantworteten Fragen
Ihre Resultats-Entwicklung
Sie haben dieses Quiz noch nicht gespielt